Innovations in environmental management and people's participation - a case study of Tirunelveli City Municipal Corporation (Record no. 59883)

000 -LEADER
fixed length control field 00435pab a2200145 454500
008 - FIXED-LENGTH DATA ELEMENTS--GENERAL INFORMATION
fixed length control field 180718b2003 xxu||||| |||| 00| 0 eng d
100 ## - MAIN ENTRY--PERSONAL NAME
Personal name Jain, Sudeep
245 ## - TITLE STATEMENT
Title Innovations in environmental management and people's participation - a case study of Tirunelveli City Municipal Corporation
260 ## - PUBLICATION, DISTRIBUTION, ETC.
Date of publication, distribution, etc. 2003
300 ## - PHYSICAL DESCRIPTION
Extent p.54-62.
362 ## - DATES OF PUBLICATION AND/OR SEQUENTIAL DESIGNATION
Dates of publication and/or sequential designation Jul
650 ## - SUBJECT ADDED ENTRY--TOPICAL TERM
Topical term or geographic name entry element Environmental management
773 ## - HOST ITEM ENTRY
Main entry heading Administrator
909 ## -
-- 59883
Holdings
Withdrawn status Lost status Damaged status Not for loan Permanent Location Current Location Date acquired Serial Enumeration / chronology Barcode Date last seen Price effective from Koha item type
        Indian Institute of Public Administration Indian Institute of Public Administration 2018-07-19 Volume no: 46, Issue no: 1 AR60328 2018-07-19 2018-07-19 Articles

Powered by Koha